000 00718nam a22002057a 4500
999 _c15588
_d15588
003 AR-CdUCM
008 190429b ||||| |||| 00| 0 spad
040 _aMUNICIPALIDAD PROVINCIAL DEL CUSCO
_cBIBLIOTECA MUNICIPAL DEL CUSCO
082 _aC / 985.0093 /
_bY49
100 _aYépez Miranda, Alfredo
_94230
245 _aGarcilaso (símbolo del mestizo peruano) /
260 _aCuzco :
_c1965.
_bGarcilaso,
300 _a9 paginas ;
_c29 cm.
505 _aContenido : el siglo XVI amanecer del mestizo peruano -- El proscrito espiritual -- El quipucamayoc.
650 _aGarcilaso de la vega
_961
650 _aMestizo peruano
_934712
650 _aCusco
_9772
942 _2ddc
_cLIBROS
945 _awnts
_d2019-04-29